00535nai a2200157Ia 4500003000900000008004100009022002200050022002300072040001600095245004100111260003400152310001200186362002600198521006900224856008400293IN-BaIIA211028c9999 xx s 000 0 eng d a0899-1987 (Print) a1098-2744 (Online) cIIA Library 0aMolecular Carcinogenesish[eJournal] aNew JerseybJohn Wiley & Sons aMonthly a15(1); 1996 - Present bSubscribed through National Knowledge Resource Consortium (NKRC) uhttps://onlinelibrary.wiley.com/journal/10982744yClick Here to Access eJournal